Biggest City by Letter - Ohio - Statistics

General Stats
  • This quiz has been taken 24 times
  • The average score is 11 of 26
Answer Stats
Letter Population City % Correct
C 878,553 Columbus
100%
D 140,569 Dayton
100%
A 198,051 Akron
95%
T 276,614 Toledo
95%
Y 64,783 Youngstown
76%
X 26,534 Xenia
67%
Z 25,200 Zanesville
62%
L 63,801 Lorain
57%
E 53,821 Elyria
48%
P 79,091 Parma
48%
S 59,132 Springfield
48%
H 62,182 Hamilton
38%
K 55,390 Kettering
38%
N 49,470 Newark
33%
M 48,621 Middletown
29%
Q 568 Quincy
29%
B 46,942 Beavercreek
24%
F 42,634 Fairfield
24%
O 22,700 Oxford
24%
R 38,129 Reynoldsburg
24%
G 40,797 Grove City
19%
V 15,045 Vandalia
19%
I 10,599 Ironton
14%
J 6,239 Jackson
14%
U 35,299 Upper Arlington
14%
W 39,877 Westerville
10%
No matching quizzes found
Score Distribution
Percent of People with Each Score
Percentile by Number Answered
Your Score History
You have not taken this quiz